000
00303nam a2200121Ia 4500
008
191201s2019 xx 000 0 und d
100
_a
BAHGA,Arshdeep
245
0
_a
Internet of Things: A Hand on Approach
260
_b
University Press
_c
2019
300
_a
520
650
_a
B.Tech(ECE)
942
_2
ddc
_c
BK
999
_c
7084
_d
7084